| 000 | 00582nam a2200181 a 4500 | ||
|---|---|---|---|
| 005 | 20240611063621.0 | ||
| 008 | 991125s1990 mx 000 0 spa u | ||
| 020 | _a9681629795 | ||
| 035 | _aUPN01000007938 | ||
| 049 | _aLT | ||
| 050 | 4 |
_aLB1647 M6.1 _bC54 |
|
| 245 | 0 | 0 |
_aCiencias naturales 1 : _benseñanza media básica / _cAntonio Lazcano Araujo ... [et. al.]. |
| 260 |
_aMéxico : _bFCE : _bSEP, _cc1990. |
||
| 300 |
_a279 p. : _bil. |
||
| 650 | 4 |
_aCiencias naturales _xEstudio y enseñanza (Secundaria) _97979 |
|
| 700 | 1 |
_aLazcano-Araujo, Antonio, _ecoaut. _936059 |
|
| 905 | _aLibro | ||
| 999 |
_c7938 _d7938 |
||